Catálogo

Corazón, diario de un niño / (Registro nro. 41266)

Detalles MARC
000 -LEADER
fixed length control field 01042cam a2200313 i 4500
001 - CONTROL NUMBER
control field 41266
003 - CONTROL NUMBER IDENTIFIER
control field Mx-PuUPA
005 - DATE AND TIME OF LATEST TRANSACTION
control field 20260112090800.0
008 - FIXED-LENGTH DATA ELEMENTS--GENERAL INFORMATION
fixed length control field 140415s2005 mx gr 000 f spa d
020 ## - INTERNATIONAL STANDARD BOOK NUMBER
International Standard Book Number 9709087495
040 ## - CATALOGING SOURCE
Original cataloging agency Mx-PuUPA
Language of cataloging spa
Transcribing agency Mx-PuUPA
Modifying agency Mx-PuUPA
Description conventions rda
041 0# - LANGUAGE CODE
Language code of text/sound track or separate title spa
100 1# - MAIN ENTRY--PERSONAL NAME
Personal name De Amicis, Edmondo,
Dates associated with a name 1846-1908,
9 (RLIN) 15965
Relator term autor
245 13 - TITLE STATEMENT
Title Corazón, diario de un niño /
Statement of responsibility, etc. Edmundo D' Amicis
264 #1 - PRODUCTION, PUBLICATION, DISTRIBUTION, MANUFACTURE, AND COPYRIGHT NOTICE
Place of production, publication, distribution, manufacture México, D. F. :
Name of producer, publisher, distributor, manufacturer Grupo Editorial Éxodo,
Date of production, publication, distribution, manufacture, or copyright notice ©2005
300 ## - PHYSICAL DESCRIPTION
Extent 280 páginas ;
Dimensions 22 cm
336 ## - CONTENT TYPE
Fuente rdacontent
Content type term texto
Content type code txt
337 ## - MEDIA TYPE
Source rdamedia
Media type term sin medio
Media type code n
338 ## - CARRIER TYPE
Source rdacarrier
Carrier type term volumen
Carrier type code nc
490 0# - SERIES STATEMENT
Series statement Clásicos Universales Aldonsa ;
Volume/sequential designation 5
600 14 - SUBJECT ADDED ENTRY--PERSONAL NAME
Personal name D'Amicis, Edmundo,
Dates associated with a name 1846-1908
650 #7 - SUBJECT ADDED ENTRY--TOPICAL TERM
Source of heading or term armarc
Topical term or geographic name entry element Niños
General subdivision
Form subdivision Novela
650 #7 - SUBJECT ADDED ENTRY--TOPICAL TERM
Source of heading or term armarc
Topical term or geographic name entry element Niños en edad escolar
Geographic subdivision Italia
Form subdivision Novela
650 #7 - SUBJECT ADDED ENTRY--TOPICAL TERM
Source of heading or term armarc
Topical term or geographic name entry element Relaciones maestro
General subdivision Estudiante
Form subdivision Novela
655 #7 - INDEX TERM--GENRE/FORM
Source of term armarc
Genre/form data or focus term Novela italiana
942 ## - ADDED ENTRY ELEMENTS (KOHA)
Source of classification or shelving scheme Dewey Decimal Classification
Koha item type Libro
Classification part 853
Item part D27
Existencias
Withdrawn status Lost status Source of classification or shelving scheme Damaged status Not for loan Collection code Home library Current library Shelving location Date acquired Total Checkouts Full call number Barcode Date last seen Price effective from Koha item type Copy number
    Dewey Decimal Classification     General Tehuacán Tehuacán Sala general 12/01/2026   853 D27 2005 968000002795 12/01/2026 12/01/2026 Libro  
    Dewey Decimal Classification     General Tehuacán Tehuacán Sala general 12/01/2026   853 D27 2005 968000002840 12/01/2026 12/01/2026 Libro Ej.2